000 00407nam a2200133Ia 4500
008 170221s9999 xx 000 0 und d
100 _aMark Brimble
245 _aFinancial Planning and Financial Instruments: 2013 in Review, 2014 in Prospect
245 _cMark Brimble and Ciorstan Smark
260 _c2016
300 _a14 : 1
650 _xBusiness
856 _uhttp://ro.uow.edu.au/aabfj/vol7/iss3/1/
999 _c311437
_d311437